El jaguar enamorado / (Record no. 30373)

MARC details
000 -LEADER
fixed length control field 00785cam a2200253Ka 4500
001 - CONTROL NUMBER
control field zsdlsd b837151
003 - CONTROL NUMBER IDENTIFIER
control field OCoLC
005 - DATE AND TIME OF LATEST TRANSACTION
control field 20250118115009.0
008 - FIXED-LENGTH DATA ELEMENTS--GENERAL INFORMATION
fixed length control field 970718s1997 ag a j 000 1 spa d
020 ## - INTERNATIONAL STANDARD BOOK NUMBER
International Standard Book Number 9501111466 (pbk.)
040 ## - CATALOGING SOURCE
Original cataloging agency LPU
Transcribing agency LPU
Modifying agency JTB
092 0# - LOCALLY ASSIGNED DEWEY CALL NUMBER (OCLC)
Classification number E SPA/MARINO
100 1# - MAIN ENTRY--PERSONAL NAME
Personal name Mari©ło, Ricardo,
Dates associated with a name 1957-
245 13 - TITLE STATEMENT
Title El jaguar enamorado /
Statement of responsibility, etc. cuento de Ricardo Mari©ło ; ilustraciones de Nora Hilb.
260 ## - PUBLICATION, DISTRIBUTION, ETC. (IMPRINT)
Place of publication, distribution, etc. Buenos Aires :
Name of publisher, distributor, etc. Editorial Sigmar,
Date of publication, distribution, etc. c1997.
300 ## - PHYSICAL DESCRIPTION
Extent 32 p. :
Other physical details col. ill. ;
Dimensions 28 cm.
440 #0 - SERIES STATEMENT/ADDED ENTRY--TITLE
Title Colecci©đn Cuentos del bosque.
500 ## - GENERAL NOTE
General note "Es una edici©đn Sigmar"--P. [4] of cover.
521 1# - TARGET AUDIENCE NOTE
Target audience note 007-012.
650 #0 - SUBJECT ADDED ENTRY--TOPICAL TERM
Topical term or geographic name as entry element Jaguar
Form subdivision Juvenile fiction.
650 #0 - SUBJECT ADDED ENTRY--TOPICAL TERM
Topical term or geographic name as entry element Animals
Form subdivision Juvenile fiction.
700 1# - ADDED ENTRY--PERSONAL NAME
Personal name Nilb, Nora.
942 ## - ADDED ENTRY ELEMENTS (KOHA)
Koha item type Libro/Book
Holdings
Withdrawn status Lost status Damaged status Not for loan Home library Current library Date acquired Total Checkouts Full call number Barcode Checked out Date last seen Date checked out Price effective from Koha item type
        San Juan Del Sur -- Mobile Las marias 18/01/2025 1 JI 30030664 05/05/2026 31/03/2026 31/03/2026 18/01/2025 Libro/Book

Powered by Koha